Oravská knižnica Antona Habovštiaka v Dolnom Kubíne informačný materiál ...

Bibliographic Details
Format: Book
Language:Slovak
Polish
English
PhysicalDescription:1 zlož. list ([6] s.) fotogr. 21 x 30 cm, po zložení 21 x 10 cm 2 voľ. listy (21 x 10 cm)
Published: Dolný Kubín Oravská knižnica Antona Habovštiaka 2011
Edition:[1. vyd.]
Subjects:

MARC

LEADER 00000nam a22000005a 4500
001 vtls010314859
003 SK-MaSNL
005 20260301032058.0
008 110929s2010 xo 000 0 slo
015 |a SNBE2012/01-00185 
040 |a SNK  |b slo  |c SNK  |e AACR2 
041 0 |a slo  |a pol  |a eng 
043 |a e-xo--- 
044 |a xo  |c SK 
072 7 |a 027  |x Univerzálne knižnice. Verejné knižnice  |2 konspekt 
080 |a 027.53  |2 2001 
080 |a (437.6)  |2 2001 
080 |a (036)  |2 2001 
245 0 0 |a Oravská knižnica Antona Habovštiaka v Dolnom Kubíne  |b informačný materiál ... 
250 |a [1. vyd.] 
260 |a Dolný Kubín  |b Oravská knižnica Antona Habovštiaka  |c 2011 
300 |a 1 zlož. list ([6] s.)  |b fotogr.  |c 21 x 30 cm, po zložení 21 x 10 cm  |e 2 voľ. listy (21 x 10 cm) 
546 |a Text čiast. poľ. a angl. 
610 2 7 |a Oravská knižnica Antona Habovštiaka  |2 SNBKA  |9 84080 
650 0 7 |a knižnice  |2 SNKPH  |9 17965 
650 0 7 |a knižničné služby  |2 SNKPH  |9 64475 
651 7 |a Dolný Kubín (Slovensko)  |2 SNKPH  |9 168992 
655 7 |a prospekty  |2 SNKPH  |9 62175 
655 7 |a informačné publikácie  |2 SNKPH  |9 70181 
999 |c 577791  |d 579721 
952 |a SNK  |b SNK  |y PREZ  |7 0  |p 17A0718656  |o snkOSC 25751  |i snk2011/20115  |8 0  |0 0  |1 0  |4 0  |d 2011-09-29  |l 0  |r 2026-02-23 14:39:13  |w 2026-02-23 
952 |a SNK  |b SNK  |y PREZ  |7 0  |p 17A0718655  |o snkOSC 25751 D1  |i snk2011/20116  |8 0  |0 0  |1 0  |4 0  |d 2011-09-29  |l 0  |r 2026-02-23 14:39:13  |w 2026-02-23